|
|
|
|
| LEADER |
00000nam a2200000Ii 4500 |
| 001 |
DIGDEU1138 |
| 003 |
NyNyDIG |
| 006 |
m o d |
| 007 |
cr ||||||||||| |
| 008 |
130501s2008 sp a o 000 0bspa d |
| 020 |
|
|
|a 9788498307771
|q (eBook)
|
| 020 |
|
|
|z 9788498301496
|
| 020 |
|
|
|z 8498301491
|
| 035 |
|
|
|a (OCoLC)857077979
|
| 040 |
|
|
|a DGITA
|b eng
|e pn
|c DGITA
|
| 043 |
|
|
|a e-sp---
|
| 050 |
1 |
4 |
|a HD9695.S74 eBook
|
| 245 |
0 |
0 |
|a Arteche :
|b historia de los hechos empresariales (1946-2006) /
|c [Carlos Alvarado (dir.)].
|
| 264 |
|
1 |
|a Bilbao :
|b Universidad de Deusto,
|c 2008.
|
| 300 |
|
|
|a 1 online resource (573 pages) :
|b ill. (some col.)
|
| 336 |
|
|
|a text
|b txt
|2 rdacontent
|
| 337 |
|
|
|a computer
|b c
|2 rdamedia
|
| 338 |
|
|
|a online resource
|b cr
|2 rdacarrier
|
| 490 |
1 |
|
|a Serie Economía ;
|v v. 38.
|
| 610 |
2 |
0 |
|a Grupo Arteche
|x History.
|
| 650 |
|
0 |
|a Electric power plant equipment industry
|z Spain
|x History.
|
| 655 |
|
0 |
|a Electronic books.
|
| 700 |
1 |
|
|a Alvarado, Carlos.
|
| 791 |
2 |
|
|a Digitalia (Firm),
|e distributor.
|
| 830 |
|
0 |
|a Publicaciones de la Universidad de Deusto.
|p Economía ;
|v v. 38.
|
| 793 |
0 |
|
|g Digitalia eBook Collection:
|a Universidad de Deusto.
|
| 856 |
4 |
0 |
|3 Digitalia Hispánica
|u https://www.digitaliapublishing.com/a/15223/
|
| 910 |
|
|
|a Premium Collection: 2007-2012
|